Logo BPK

Bibliografia Prac Pracowników

Politechniki Koszalińskiej

Ekologia procesu dydaktycznego w Wyższej Szkole Technicznej / (Rekord nr 7600)

Szczegóły MARC
000 -ETYKIETA REKORDU
podpole kontrolne o stałej długości 00791nab a22001937a 4500
003 - IDENTYFIKATOR NUMERU KONTROLNEGO REKORDU
podpole kontrolne BPK
005 - DATA OSTATNIEJ MODYFIKACJI REKORDU
podpole kontrolne 20180413094614.0
008 - POLE O STAŁEJ DŁUGOŚCI - DANE KONTROLNE
podpole kontrolne o stałej długości 160314b1976 pl ||||| |||| 00| 0pol
040 ## - ŹRÓDŁO KATALOGOWANIA
Instytucja, która utworzyła rekord BPK
080 ## - UNIWERSALNA KLASYFIKACJA DZIESIĘTNA - UKD
UKD 574
100 ## - NAZWA OSOBOWA
Nazwa osobowa RZYMKOWSKI, Andrzej.
Lata pracy 1968 - 1981.
Instytucja Wyższa Szkoła Inżynierska w Koszalinie - Instytut Budownictwa Lądowego,
Wydział Zakład Podstaw Projektowania
245 ## - TYTUŁ/ODPOWIEDZIALNOŚĆ
Tytuł Ekologia procesu dydaktycznego w Wyższej Szkole Technicznej /
Pozostałe elementy strefy tytułu i oznaczenia odpowiedzialności Andrzej Rzymkowski, Adam Mościcki.
260 ## - STREFA ADRESU WYDAWNICZEGO
Data publikacji, dystrybucji/powstania dokumentu 1976.
500 ## - UWAGI OGÓLNE
Tekst uwagi Dane z kartoteki bpp.
650 #0 - HASŁO PRZEDMIOTOWE W FORMIE NAZWY OGÓLNEJ LUB JEDNOSTKOWEJ
Nazwa ogólna lub geograficzna Ekologia.
700 ## - HASŁO DODATKOWE - NAZWA OSOBOWA
Nazwa osobowa MOŚCICKI, Adam.
Lata pracy 1973 - 1996 .
Instytucja Wyższa Szkoła Inżynierska w Koszalinie - Instytut Nauk Społecznych
773 ## - TYTUŁ DOKUMENTU MACIERZYSTEGO
Wyrażenie wprowadzające W :
Tytuł Życie Szkolnictwa Wyższego. -
Informacje dotyczące relacji 1976, nr 5, s. 17-26.
942 ## - HASŁO DODATKOWE - ELEMENTY(KOHA)
Typ dokumentu Artykuł
Schemat klasyfikacji Uniwersalna klasyfikacja dziesiętna

Brak dostępnych egzemplarzy.

© 2014 Biblioteka Politechniki Koszalińskiej :: BIBLIOGRAFIA PRAC PRACOWNIKÓW